Ajit Singh An Exiled Revolutionary (Record no. 2396)

MARC details
000 -LEADER
fixed length control field 00372nam a2200157Ia 4500
003 - CONTROL NUMBER IDENTIFIER
control field OSt
008 - FIXED-LENGTH DATA ELEMENTS--GENERAL INFORMATION
fixed length control field 191201s2004 xx 000 0 und d
082 ## - DEWEY DECIMAL CLASSIFICATION NUMBER
Classification number 954.0350
Item number JOA
100 ## - MAIN ENTRY--PERSONAL NAME
Personal name JOHAR, K L
245 #0 - TITLE STATEMENT
Title Ajit Singh An Exiled Revolutionary
250 ## - EDITION STATEMENT
Edition statement 1st
260 ## - PUBLICATION, DISTRIBUTION, ETC. (IMPRINT)
Place of publication, distribution, etc New Delhi
Name of publisher, distributor, etc Sneh Prakashan
Date of publication, distribution, etc 2004
300 ## - PHYSICAL DESCRIPTION
Extent 319
650 ## - SUBJECT ADDED ENTRY--TOPICAL TERM
Topical term or geographic name as entry element General Books
942 ## - ADDED ENTRY ELEMENTS (KOHA)
Source of classification or shelving scheme Dewey Decimal Classification
Koha item type Text Books
Holdings
Withdrawn status Lost status Source of classification or shelving scheme Damaged status Not for loan Collection code Home library Current library Shelving location Date acquired Source of acquisition Cost, normal purchase price Bill Number Total Checkouts Full call number Acc. no. / Barcode Date last seen Bill Date Koha item type Public note
    Dewey Decimal Classification     GENERAL PIET C-LIBRARY PIET C-LIBRARY Ref. Sec. R02 05/09/2006 M/S SNEH PRAKASEN 500.00 SP/2006/326   954.0350 JOA 5157 04/12/2019 14/08/2006 Reference Books Biography
    Dewey Decimal Classification     GENERAL PIET C-LIBRARY PIET C-LIBRARY Ref. Sec. R02 05/09/2006 M/S SNEH PRAKASEN 500.00 SP/2006/326   954.0350 JOA 5158 04/12/2019 14/08/2006 Reference Books Biography

Design & Developed by: PIET Central Library
R70 Miles Stone Pattikalyana Samalkha Panipat 132102
mail ID :- [email protected], Phone No:- 0180-2569700 Ex.216